000 01001nam a22003377a 4500
001 768714001
003 CO-MdFUSB
005 20230516101723.0
008 160822t1998 xxu||||| |||| 00| 0 eng d
020 _a0-8006-3140-4
040 _cCO-MdFUSB
_dCO-MdFUSB
_bspa
_erda
_aCO-MdFUSB
041 _aeng
082 _224
_aR 226.5
_bM728g
100 1 _aMoloney, Francis J.
_eautor
245 1 0 _aGlory not dishonor :
_bReading John 13-21
_c/ Francis J. Moloney
264 1 _aMinneapolis, Minnesota:
_b Fortress Press,
_c[1998]
264 4 _c© 1998
300 _a217 páginas
_c; 23 cm
_b:
336 _2rdacontent
_atexto
_btxt
337 _2rdamedia
_asin mediación
_bn
338 _2rdacarrier
_avolumen
_bnc
505 _aComentario sobre capítulos 13-21 de Juan
563 _aRústico
630 0 7 _aBiblia.
_pNuevo Testamento
630 0 7 _aBiblia.
_pEvangelios
630 0 7 _aBiblia.
_vJuan
653 _aJuan 13 - 21
942 _cREF
945 _aMag 1104
999 _c46854
_d46854